[Event "HCL-B3897"]
[Site "www.playchess.de"]
[Date "2006.03.14"]
[Round "2"]
[White "Ulpe"]
[Black "Knighthood"]
[WhiteElo "1619"]
[BlackElo "1058"]
[PlyCount "39"]
[Result "1-0"]

1.e4 e5 2.Nf3 Nc6 3.Bb5 a6 4.Ba4 b5 5.Bb3 Nf6 
6.O-O Nxe4 7.d4 exd4 8.Re1 d5 9.Nc3 Bb4 10.Bxd5 
Bxc3 11.Bxc6+ Bd7 12.Rxe4+ Kf8 13.Bxd7 Qxd7 
14.bxc3 c5 15.cxd4 Re8 16.Rxe8+ Qxe8 17.dxc5 g6 
18.Bh6+ Kg8 19.Qd4 Qe7 20.Qg7+ 1-0

[Event "HCL-M863"]
[Site "www.playchess.de"]
[Date "2006.03.14"]
[Round "18"]
[White "richard"]
[Black "ETC_Chess"]
[WhiteElo "1794"]
[BlackElo "2164"]
[PlyCount "47"]
[Result "1/2-1/2"]

1.e4 {our score is 4 - 1 Good luck}  e6 {Yes, I've 
lost the 4 games by timing out! I'll try to 
complete this game without a time forfeit!}  2.d4 
d5 3.Nc3 {go for it}  Bb4 4.e5 c5 5.a3 Bxc3+ 
6.bxc3 Ne7 7.Qg4 O-O 8.Bd3 f5 9.exf6 Rxf6 10.Bg5 
Rf7 11.Qh4 h6 12.Bxe7 Qxe7 13.Qg3 Nc6 14.Nf3 Qf6 
15.Rd1 g5 16.Bb5 Bd7 17.h4 Nxd4 18.cxd4 Bxb5 
19.hxg5 hxg5 20.Rh5 Raf8 21.Rxg5+ Rg7 22.Rxg7+ 
Qxg7 23.Qxg7+ Kxg7 24.dxc5 {(offering draw)} 
 1/2-1/2

[Event "HCL-T264"]
[Site "www.playchess.de"]
[Date "2006.03.14"]
[Round "10"]
[White "golddim"]
[Black "Frost666"]
[WhiteElo "1433"]
[BlackElo "1172"]
[PlyCount "80"]
[Result "0-1"]

1.e4 e5 2.Nf3 Nc6 3.Bb5 a6 4.Ba4 Nf6 5.O-O Be7 
6.Re1 b5 7.Bb3 O-O 8.c3 d5 9.exd5 Nxd5 10.Nxe5 
Nxe5 11.Rxe5 c6 12.d4 Bd6 13.Re1 Qh4 14.g3 Qh3 
15.Be3 Bg4 16.Qd3 Rae8 17.Nd2 Re6 18.a4 bxa4 
19.Rxa4 f5 20.Qf1 Qh5 21.f4 Bh3 22.Qxa6 Qe8 23.Nc4 
Kh8 24.Ne5 Bxe5 25.dxe5 g5 26.Raa1 gxf4 27.Bxf4 
Nxf4 28.Bxe6 Nxe6 29.Re3 Rg8 30.Kf2 f4 31.Rd3 Nc5 
32.Qc4 Nxd3+ 33.Qxd3 fxg3+ 34.hxg3 Rf8+ 35.Kg1 
Qxe5 36.Kh2 Qh5 37.Qd4+ Kg8 38.Qc4+ Be6+ 39.Qh4 
Qe2+ {Mate in 3?}  40.Kg1 Qf2+ 0-1

[Event "HCL-B3924"]
[Site "www.playchess.de"]
[Date "2006.03.14"]
[Round "5"]
[White "Genrry28"]
[Black "a137"]
[WhiteElo "1611"]
[BlackElo "731"]
[PlyCount "51"]
[Result "1-0"]

1.d4 Nf6 {Hello,have interesting game}  2.c4 d5 
3.e3 Bf5 4.Nc3 c6 5.h3 h5 6.cxd5 cxd5 7.Bd3 g6 
8.Bxf5 gxf5 9.Nf3 Bg7 10.Qc2 Ne4 11.O-O Nc6 12.a3 
Qc7 13.Nxd5 Qd6 14.Nc3 Nxc3 15.bxc3 e5 16.Qxf5 Rd8 
17.Bd2 Qg6 18.Qxg6 fxg6 19.Rfb1 Rd7 20.Rb5 O-O 
21.Rab1 e4 22.Ng5 Bf6 23.Nxe4 Rdf7 24.R5xb7 Rxb7 
25.Nxf6+ Rxf6 26.Rxb7 1-0

[Event "HCL-M890"]
[Site "www.playchess.de"]
[Date "2006.03.14"]
[Round "4"]
[White "ZorMaster"]
[Black "maik42_"]
[WhiteElo "1813"]
[BlackElo "2196"]
[PlyCount "72"]
[Result "0-1"]

1.c4 {Hi  again, good game and fun :)}  Nf6 {fun 
should be enough :-)}  2.d4 {:)}  d6 {early resign 
in last game...}  3.Nc3 {had no sence, lack of 
time}  g6 {time shouldnt be a prolem here...}  
4.e4 {It is when you are playing otb tournaments 
:)}  Bg7 {i will start one on 17.2}  5.Be2 {i have 
one now and use some spare time to make some moves 
within time control which makes weak moves from me 
here.}  O-O {no weak move till now :-)}  6.Nf3 
{right}  Nbd7 7.O-O e5 8.Re1 exd4 9.Nxd4 Re8 
10.Bf1 c6 11.Rb1 a5 12.f3 Nc5 13.Be3 Nfd7 14.Qd2 
a4 15.b4 axb3 16.axb3 Ne5 17.Red1 Qe7 18.Be2 f5 
19.b4 Na4 20.Nxa4 Rxa4 21.Bg5 Qf7 22.Qc2 Ra8 
23.Rb3 {when i draw here i have a good result i 
guess.
You are quite good :>)}  fxe4 {thanks :-)}  
24.fxe4 {my pleasure.}  Bg4 {btw : i am not as 
good as u think, cause databases helped me till 
move 18, in OTB i dont have chessbase ....so OTB 
is much harder for me to play, cause i started too 
late with chess :-)}  25.c5 {Well my compliments 
for such good chess! I am a real OTB player and 
have good results. Preperation is the key for our 
favorite game, right?}  Bxe2 {yes, but its easy 
here, but not in OTB. In 2 weeks i have to play 
against a elo 2103-guy with white. I just know 
first 4 moves till now e4 c5,Nf3 Nf6, d3 e6, 
g3..:-)}  26.Nxe2 {o dear, means you were crushed 
from the board? hihihihi.}  dxc5 {hehe..we will 
see..i played him last year too...and after 
opening i was clearly better;-)}  27.bxc5 {If u 
want any advice let me know, for a reasoneble 
price ofcourse! LOL}  Qc4 {ähm...i am not 
sure..but who did win last game of us? ;-)}  
28.Rc1 {I suppose it was you? Right? Or was it me 
miserable chess worm>? LOL}  Qxc2 {hmm...i am 
old..hard too remember ;-)}  29.Rxc2 {old? ok ok i 
adore older man as long they stay decent! lol}  
Ra1+ {lol}  30.Kf2 {hihhihi.You naughty guy! 
hehehehehe..j/k}  Ra4 {what means j/k??}  31.Ng3 
{just kidding :>)}  Ng4+ {hmm..}  32.Ke2 {hmm hmm 
hmm :>) lol}  Nxh2 {thats a song from 
crashtestdummies ;-)}  33.Rxb7 {LOL..well let's 
hope it  doesn't counts for me here but i am 
afraid for the end result, lol}  Be5 {well...lets 
say i wont accept draw in the moment}  34.Rb3 
{understandeble, u have the advance ;>)}  Ng4 
{true :-)}  35.Bc1 h5 36.Bb2 Bf4 0-1

[Event "HCL-C4214"]
[Site "www.playchess.de"]
[Date "2006.03.14"]
[Round "5"]
[White "Erbse"]
[Black "wlk"]
[WhiteElo "800"]
[BlackElo "800"]
[PlyCount "98"]
[Result "0-1"]

1.e4 e5 2.a3 Nf6 3.d3 a6 4.b4 Be7 5.Qf3 d6 6.h3 
O-O 7.Bg5 h6 8.Bxf6 Bxf6 9.Qh5 Nc6 10.c3 Be6 
11.Be2 d5 12.Nd2 d4 13.c4 b5 14.Rc1 bxc4 15.Nxc4 
Bxc4 16.Rxc4 Qd6 17.Nf3 a5 18.b5 Ne7 19.a4 Qa3 
20.O-O Rac8 21.Rfc1 Ng6 22.Ne1 Nf4 23.Qg4 Nxe2+ 
24.Qxe2 Kh7 25.Qd2 Bg5 26.Nc2 Qxc1+ {Sorry...}  
27.Qe1 {:*(}  Qxe1+ 28.Nxe1 Be7 29.Nf3 Bd6 30.Rc6 
Rfd8 31.g4 Rcb8 32.g5 Rb6 33.Rc4 Rf8 34.Nd2 hxg5 
35.Nb3 Ra8 36.Kg2 Kg6 37.Kg3 f5 38.f3 f4+ 39.Kg2 
Ra7 40.Rc2 Rb8 41.Rc6 Rb6 42.Rc2 c6 43.Nc5 cxb5 
44.axb5 Rxb5 45.Ne6 Rab7 46.Ra2 R5b2+ 47.Rxb2 
Rxb2+ 48.Kh1 a4 49.Nf8+ Bxf8 0-1

[Event "HCL-M867"]
[Site "www.playchess.de"]
[Date "2006.03.14"]
[Round "8"]
[White "fjpv"]
[Black "RedBishop"]
[WhiteElo "2220"]
[BlackElo "2176"]
[PlyCount "119"]
[Result "1/2-1/2"]

1.e4 {Greetings from Portugal. Good luck.}  e6 {Hi 
from Utrecht Holland. Good Luck!}  2.d4 d5 3.e5 c5 
4.c3 Nc6 5.Nf3 Qb6 6.a3 c4 7.Nbd2 Na5 8.Be2 Bd7 
9.O-O Ne7 10.Qc2 Nf5 11.Re1 Be7 12.Rb1 O-O 13.Nf1 
Nb3 14.Bg5 Bxg5 15.Nxg5 Qd8 16.Nf3 Ba4 17.N1d2 Rc8 
18.Nxb3 Bxb3 19.Qd2 h6 20.Rba1 Ba4 21.Rec1 Rc6 
22.h3 Rb6 {All the best in 2006!}  23.Rab1 
{Thanks, is also my votes for you and your 
familly}  Kh7 24.Rce1 Qe7 25.Qf4 Bc2 26.Rbc1 Be4 
27.Nd2 Rxb2 28.Nxe4 dxe4 29.Qxe4 g6 30.Bxc4 Qxa3 
31.Bd3 a5 32.Qf4 Ne7 33.Be4 Nd5 34.Bxd5 exd5 35.c4 
dxc4 36.Rxc4 Qe7 37.d5 b5 38.d6 Qg5 39.Qxg5 hxg5 
40.Rc7 Rd2 41.Rc5 Rb8 42.Rb1 a4 43.Rcxb5 Rxb5 
44.Rxb5 a3 45.Ra5 a2 46.d7 Rxd7 47.Rxa2 Kg7 48.Kh2 
Kf8 49.Kg3 Rd4 50.e6 fxe6 51.Ra5 Ke7 52.Rxg5 Kf6 
53.f4 Rd2 54.Re5 Rd3+ 55.Kg4 Rd2 56.g3 Rd3 57.Rc5 
Rd8 58.h4 Rh8 59.Rb5 Rg8 60.Kf3 {(offering draw)} 
 1/2-1/2

[Event "HCL-E1536"]
[Site "www.playchess.de"]
[Date "2006.03.14"]
[Round "1"]
[White "kendo"]
[Black "pgschumy"]
[WhiteElo "1616"]
[BlackElo "1794"]
[PlyCount "62"]
[Result "0-1"]

1.f4 {season greatings!!! Gigi}  d5 {Hi! From 
Buchrest, Romania! GG}  2.Nf3 c5 3.b3 Nc6 4.e3 e6 
5.Bb2 Nf6 6.Bb5 Bd7 7.O-O Be7 8.Qe1 O-O 9.Nc3 a6 
10.Bd3 h6 11.h3 b5 12.a4 b4 13.Nd1 Na5 14.Ne5 Nc6 
15.Nxd7 Qxd7 16.Kh1 Rfd8 17.g4 Qb7 18.Rg1 c4 
19.Be2 cxb3 20.cxb3 Na5 21.Bxf6 Bxf6 22.Rb1 d4+ 
23.Kh2 dxe3 24.dxe3 Rac8 25.Rg2 Qe4 26.Rb2 Bxb2 
27.Nxb2 Nxb3 28.g5 Qxe3 29.gxh6 Qxf4+ 30.Rg3 Rc3 
31.Nc4 Rxg3 0-1

[Event "HCL-M886"]
[Site "www.playchess.de"]
[Date "2006.03.14"]
[Round "10"]
[White "garethh"]
[Black "Pitch"]
[WhiteElo "1886"]
[BlackElo "2076"]
[PlyCount "94"]
[Result "0-1"]

1.e4 {Hello and good luck}  c6 {Same to you}  2.d4 
d5 3.Nc3 dxe4 4.Nxe4 Nf6 5.Nxf6+ gxf6 6.c3 Bf5 
7.Bf4 Qd5 8.Ne2 Nd7 9.Ng3 Bg6 10.h4 e5 11.Be3 h5 
12.Be2 Nb6 13.Bf3 e4 14.Be2 O-O-O 15.Qb3 Qa5 
16.Bd2 Nd5 17.Nf1 Bh6 18.Ne3 Nf4 19.Bc4 Nd3+ 
20.Bxd3 exd3 21.O-O-O Qc7 22.Qa4 Kb8 23.Nf1 Bf8 
24.Be3 Rd5 25.Nd2 Ka8 26.Kb1 Bf5 27.c4 Ra5 28.Bf4 
Qd8 29.Qb3 Qxd4 30.Rhe1 Bd6 31.Bxd6 Qxd6 32.Ne4 d2 
33.Re2 Bxe4+ 34.Rxe4 Re5 35.Re3 Rd8 36.Qc3 Qd7 
37.a3 Rxe3 38.Qxe3 Qf5+ 39.Ka2 Qc2 40.Qe2 a6 41.c5 
f5 42.f4 Rd3 43.Ka1 Ka7 44.Ka2 Rb3 45.Rb1 d1Q 
46.Qxd1 Rxb2+ 47.Rxb2 Qxd1 0-1

[Event "HCL-A2620"]
[Site "www.playchess.de"]
[Date "2006.03.14"]
[Round "9"]
[White "GMO"]
[Black "Josef1901"]
[WhiteElo "1257"]
[BlackElo "1596"]
[PlyCount "66"]
[Result "0-1"]

1.e4 c5 2.c3 d5 3.e5 Nc6 4.d4 cxd4 5.cxd4 Bf5 
6.Nc3 e6 7.Nf3 Bb4 8.Bd2 Nge7 9.a3 Bxc3 10.Bxc3 
O-O 11.h3 Rc8 12.Be2 Ng6 13.O-O Nf4 14.Qd2 Nxe2+ 
15.Qxe2 a6 16.Qd2 h6 17.Bb4 Nxb4 18.Qxb4 Qd7 
19.Rfc1 g5 20.g4 Bg6 21.Rc5 Rxc5 22.Qxc5 Rc8 
23.Qb4 Rc4 24.Qa5 Qc7 25.Qxc7 Rxc7 26.Rd1 Rc2 
27.Rd2 Rc4 28.h4 Be4 29.Kg2 gxh4 30.Rd1 Rc2 31.Rh1 
Rxb2 32.Rxh4 Rb3 33.Rh3 Rxa3 0-1

[Event "HCL-E1566"]
[Site "www.playchess.de"]
[Date "2006.03.14"]
[Round "14"]
[White "Jule"]
[Black "Matu"]
[WhiteElo "1413"]
[BlackElo "1521"]
[PlyCount "110"]
[Result "0-1"]

1.d4 {Dann mal viel Spass bei dieser Partie}  Nf6 
{danke gleichfalls}  2.c4 e6 3.Nf3 d5 4.c5 a5 
5.Qc2 c6 6.Bf4 b6 7.Be5 Nbd7 8.e3 Nxe5 9.Nxe5 bxc5 
10.Nxc6 Qb6 11.Ne5 cxd4 12.exd4 Rb8 13.Qa4+ Bd7 
14.Nxd7 Nxd7 15.b3 Qb4+ 16.Qxb4 Rxb4 17.Be2 Rxd4 
18.O-O Bd6 19.Bb5 Ke7 20.Bxd7 Kxd7 21.Nc3 Be5 
22.Rac1 Rd2 23.a4 Rd3 24.Nb5 Rxb3 25.f4 Bb8 26.g3 
Rb4 27.Rca1 Rc8 28.Ra2 Bd6 29.Kg2 Rcc4 30.Rfa1 Be7 
31.Kh3 Bf6 32.Rd1 Rbxa4 33.Rxa4 Rxa4 34.Rc1 Bd8 
35.Kg4 Rb4 36.Na3 g6 37.h4 h5+ 38.Kh3 Bc7 39.Rc5 
Bxf4 40.gxf4 Rb3+ 41.Kg2 Rxa3 42.Kf2 Ra1 43.Ke3 a4 
44.Ra5 a3 45.Kd4 a2 46.Ra7+ Ke8 47.Ra8+ Ke7 
48.Ra7+ Kf8 49.Ke5 Re1+ 50.Kf6 a1Q+ 51.Rxa1 Rxa1 
52.Kg5 Rg1+ 53.Kh6 Rg4 54.f5 exf5 55.Kh7 
d4 0-1

[Event "HCL-B3853"]
[Site "www.playchess.de"]
[Date "2006.03.14"]
[Round "33"]
[White "MrM"]
[Black "speedmat"]
[WhiteElo "1199"]
[BlackElo "1374"]
[PlyCount "75"]
[Result "1-0"]

1.e4 e5 {Hi good luck}  2.Nf3 {You too.  :)}  Nf6 
3.Nc3 Nc6 4.Bc4 Bc5 5.O-O a6 6.a3 O-O 7.d3 d6 
8.Bg5 h6 9.Bh4 g5 10.Nxg5 hxg5 11.Bxg5 Bg4 12.Bxf6 
Bxd1 13.Bxd8 Bh5 14.Bg5 Nd4 15.Rac1 c6 16.Kh1 Kg7 
17.h3 f6 18.Be3 Bf7 19.Bxf7 Kxf7 20.Rfe1 Rfh8 
21.Ne2 Rag8 22.Nxd4 Bxd4 23.Bxd4 exd4 24.c3 dxc3 
25.Rxc3 Rh5 26.Kh2 Rhh8 27.d4 Rgb8 28.g4 Rbg8 
29.f3 Kg6 30.Kg3 Rh7 31.h4 Kf7 32.e5 dxe5 33.dxe5 
fxe5 34.Rxe5 Kg7 35.Rcc5 Kh8 36.Reh5 Rgg7 37.Rxh7+ 
Rxh7 38.Rf5 1-0

[Event "HCL-A2615"]
[Site "www.playchess.de"]
[Date "2006.03.14"]
[Round "7"]
[White "pop3dan"]
[Black "SMLooking"]
[WhiteElo "1763"]
[BlackElo "1479"]
[PlyCount "87"]
[Result "1-0"]

1.e4 e5 2.Nf3 Nc6 3.Bb5 a6 4.Ba4 b5 5.Bb3 Nf6 
6.O-O Be7 7.Re1 d6 8.h3 O-O 9.c3 Bb7 10.d4 exd4 
11.cxd4 Na5 12.Bc2 c5 13.Nbd2 c4 14.Nf1 Rc8 15.Ng3 
c3 16.b3 b4 17.Nf5 Nd7 18.Qd3 g6 19.Nxe7+ Qxe7 
20.Bh6 Rfe8 21.d5 Nc5 22.Qd4 f6 23.Qxb4 Qc7 24.Qd4 
Kf7 25.b4 Nd7 26.bxa5 Qxa5 27.Ng5+ Kg8 28.Ne6 Kf7 
29.g4 Ne5 30.Kg2 Rc4 31.Qd1 Bc8 32.Bb3 Rb4 33.Rc1 
Rxb3 34.axb3 Bxe6 35.dxe6+ Rxe6 36.Qd5 Qb4 37.f4 
Nd3 38.f5 Nxe1+ 39.Rxe1 gxf5 40.gxf5 Ke7 41.Qxe6+ 
Kd8 42.Rd1 Kc7 43.Qc4+ Qxc4 {gg}  44.bxc4 {indeed} 
 1-0

[Event "HCL-A2615"]
[Site "www.playchess.de"]
[Date "2006.03.14"]
[Round "2"]
[White "redstar"]
[Black "SMLooking"]
[WhiteElo "1674"]
[BlackElo "1479"]
[PlyCount "109"]
[Result "1/2-1/2"]

1.e4 e5 2.Nf3 Nc6 3.Bb5 a6 4.Ba4 b5 5.Bb3 Nf6 
6.O-O Be7 7.Re1 d6 8.c3 Bg4 9.h3 Bh5 10.d3 O-O 
11.Be3 d5 12.exd5 Nxd5 13.g4 Bg6 14.d4 e4 15.Ne5 
Nxe5 16.dxe5 Nxe3 17.Qxd8 Raxd8 18.Rxe3 Bc5 19.Re2 
Rd3 20.Bc2 Rxh3 21.Bxe4 Rg3+ 22.Kf1 Rxg4 23.Bd5 
Bd3 24.e6 Bxe2+ 25.Kxe2 Rg5 26.exf7+ Kh8 27.Bb3 a5 
28.a4 b4 29.Nd2 bxc3 30.bxc3 Re5+ 31.Kf1 Rf5 
32.Ne4 Bb6 33.Ra2 g6 34.Re2 Kg7 35.Ng3 Rf3 36.Ne4 
Rd8 37.Ng5 Rf6 38.Ne6+ Rxe6 39.Rxe6 Kf8 40.c4 Rd6 
41.Re5 Rd8 42.c5 Ba7 43.Kg2 c6 44.Re6 {(offering 
draw)}  Bxc5 45.Rxc6 Bb4 46.Rc7 Rd3 47.Rc8+ Kg7 
48.Rg8+ Kh6 49.Bc4 Rd4 50.Bb5 Rf4 51.Be8 Bc5 52.f3 
g5 53.Kg3 Bd6 54.Kg2 {Come on, it is a draw!}  Bb4 
{Well, you r the one who thought you won. I just 
did my best to make it draw :)}  55.Rh8 {(offering 
draw) Looks like we were playing two different 
games, anyway take a draw! Do not make a move, 
just accept it.}  1/2-1/2

[Event "HCL-E1539"]
[Site "www.playchess.de"]
[Date "2006.03.14"]
[Round "13"]
[White "Glomp"]
[Black "mrchess"]
[WhiteElo "1564"]
[BlackElo "1437"]
[PlyCount "47"]
[Result "1-0"]

1.e4 {Welcome and good luck in class E!}  c5 
{thank you too}  2.Nf3 Nc6 3.d4 cxd4 4.Nxd4 d6 
5.Nc3 Nf6 6.Bg5 Qb6 7.Nb3 Be6 8.Qd2 Ne5 9.Be3 Qc7 
10.h3 Rc8 11.Bd3 a6 12.f4 Nxd3+ 13.cxd3 g6 14.Rc1 
Bg7 15.O-O O-O 16.Nd4 Bd7 17.Nd5 Qd8 18.Rc3 Nxd5 
19.exd5 Qa5 20.Rxc8 Rxc8 21.Qxa5 Bf8 22.f5 Rc5 
23.Qb4 b5 24.Qb3 1-0

[Event "HCL-E1603"]
[Site "www.playchess.de"]
[Date "2006.03.14"]
[Round "5"]
[White "Widukind"]
[Black "yannick"]
[WhiteElo "1894"]
[BlackElo "1575"]
[PlyCount "55"]
[Result "1-0"]

1.d3 {hi yannick, funny to meet you again. Lets 
have a nice game. Good luck in the turnament.}  e5 
{same here you are really a good player}  2.c4 
Bb4+ 3.Bd2 Bxd2+ 4.Qxd2 Ne7 5.Qg5 Ng6 6.Qxd8+ Kxd8 
7.Nc3 c6 8.Nf3 Kc7 9.g3 d6 10.Bg2 Be6 11.Ng5 Na6 
12.a3 Nc5 13.b4 Nb3 14.Nxe6+ fxe6 15.Rb1 Nd4 16.e3 
Nc2+ 17.Kd2 {Why not Nf5? I think Kd2 wins now...} 
 Nxa3 {yes perhaps,let's go}  18.Rba1 a5 19.b5 
Rhf8 20.Rhf1 cxb5 21.cxb5 Nxb5 22.Nxb5+ Kb6 
23.Nxd6 Kc7 24.Nxb7 a4 25.Rfc1+ Kb8 26.Ke2 e4 
27.Bxe4 a3 28.Nd6 1-0

[Event "HCL-A2611"]
[Site "www.playchess.de"]
[Date "2006.03.14"]
[Round "18"]
[White "MimiSiku"]
[Black "GED"]
[WhiteElo "1425"]
[BlackElo "1440"]
[PlyCount "103"]
[Result "1/2-1/2"]

1.e4 {Hello from Würzburg, Germany. Have a nice 
game!}  c5 {thanks - you too!}  2.Nf3 e6 3.c3 d6 
4.d4 cxd4 5.cxd4 Nf6 6.Bd3 Be7 7.O-O O-O 8.Nc3 b6 
9.Bg5 Nbd7 10.Nd2 Bb7 11.f3 a6 12.a4 Rc8 13.Rc1 
Ne8 14.Bxe7 Qxe7 15.Bc4 Nc7 16.Re1 Nf6 17.d5 e5 
18.b4 a5 19.b5 Nd7 20.Nb3 Ne8 21.Ne2 Nef6 22.Qd2 
Nc5 23.Nxc5 Rxc5 24.Ng3 Bc8 25.Be2 Qc7 26.Red1 Bd7 
27.Bd3 Rc8 28.Ne2 Qd8 29.Rxc5 Rxc5 30.Rc1 Qc8 
31.g3 Be8 32.f4 Nd7 33.f5 f6 34.h4 Bh5 35.Rxc5 
Qxc5+ 36.Kg2 Bxe2 37.Bxe2 Qa3 38.Qc2 Nc5 39.Bd1 
{(offering draw) What about a draw?}  Qb4 40.Kf3 
Qd4 41.h5 h6 42.g4 Kf7 43.Be2 Qxa4 44.Qxa4 Nxa4 
45.Ke3 Nc5 46.Bc4 a4 47.Ba2 a3 48.Bc4 Na4 49.Kd2 
Nb2 50.Bb3 Ke7 51.Kc2 Kd7 52.Kc3 {(offering draw) 
Seems to be draw!}  1/2-1/2

[Event "HCL-M893"]
[Site "www.playchess.de"]
[Date "2006.03.14"]
[Round "8"]
[White "BanzayFish"]
[Black "chessnuts"]
[WhiteElo "1889"]
[BlackElo "1970"]
[PlyCount "63"]
[Result "1/2-1/2"]

1.e4 {all the best}  c5 {Let's enjoy it}  2.Nf3 
Nc6 3.d4 cxd4 4.Nxd4 Nf6 5.Nc3 d6 6.Be2 g6 7.O-O 
Bg7 8.Nb3 O-O 9.Kh1 a6 10.a4 b6 11.f4 Bb7 12.Bf3 
Nd7 13.Be3 Nc5 14.Nxc5 bxc5 15.e5 Rb8 16.Rb1 dxe5 
17.Bxc5 Qxd1 18.Rbxd1 exf4 19.Nd5 Rfe8 20.Nc7 Rec8 
21.Nd5 e6 22.Nb6 Rce8 23.Nc4 Ne5 24.Bxb7 Nxc4 
25.Rd7 Bxb2 26.Rxf4 Ne5 27.Rc7 a5 28.Kg1 Rbd8 
29.Kf1 Rd1+ 30.Ke2 Rd7 31.Rxd7 Nxd7 32.Be3 
{(offering draw)}  1/2-1/2

[Event "HCL-C4211"]
[Site "www.playchess.de"]
[Date "2006.03.14"]
[Round "7"]
[White "Skipper_Robert"]
[Black "nichju"]
[WhiteElo "924"]
[BlackElo "995"]
[PlyCount "65"]
[Result "1-0"]

1.e4 {Hallo noch mal!}  e5 {Hallo und gutes 
Spiel!}  2.Bc4 {moin}  Nf6 3.Nc3 Bc5 4.Nf3 d6 5.b4 
Bxb4 6.Nd5 Nxd5 7.Bxd5 O-O 8.c3 Bc5 9.d3 c6 10.Bc4 
b5 11.Bb3 a5 12.d4 exd4 13.cxd4 Bb4+ 14.Bd2 Bxd2+ 
15.Qxd2 a4 16.Bc2 Re8 17.Rd1 c5 18.dxc5 Nc6 19.O-O 
dxc5 20.Qf4 f6 21.Rxd8 Rxd8 22.Qc7 Bb7 23.Qxb7 Nb4 
24.Bb1 h5 25.e5 Nd5 26.Qxb5 Nf4 27.Qc4+ Kh8 
28.Qxf4 g5 29.Qxf6+ Kg8 30.Qxg5+ Kf8 31.Bg6 Rd5 
32.Qf6+ Kg8 33.Qf7+ 1-0

[Event "HCL-B3862"]
[Site "www.playchess.de"]
[Date "2006.03.14"]
[Round "19"]
[White "pytolo98"]
[Black "garden"]
[WhiteElo "1218"]
[BlackElo "1164"]
[PlyCount "108"]
[Result "0-1"]

1.e4 e5 2.Nf3 d6 3.Bc4 Bg4 4.h3 Bxf3 5.Qxf3 Qf6 
6.Qe3 g6 7.d3 Bh6 8.Qe2 Bxc1 9.a4 Bxb2 10.Ra2 Bd4 
11.O-O Bb6 12.Kh1 Nc6 13.Bb5 a6 14.Bxc6+ bxc6 
15.Qg4 Qe6 16.Qxe6+ fxe6 17.a5 Ba7 18.c4 d5 19.Nd2 
d4 20.Nf3 Nh6 21.Nxe5 c5 22.f4 Bb8 23.f5 O-O 
24.Nd7 Rf7 25.Nxc5 exf5 26.exf5 Nxf5 27.Re2 c6 
28.Re8+ Rf8 29.Re6 Bd6 30.Ne4 Bb4 31.Rxc6 Bd2 
32.Rd1 Bf4 33.Rf1 Bh6 34.c5 Ne7 35.Rxf8+ Rxf8 
36.Re6 Nd5 37.Rxa6 Kh8 38.Rd6 Rf1+ 39.Kh2 Bf4+ 
40.g3 Bxd6 41.Nxd6 Rd1 42.a6 Ra1 43.c6 Rxa6 44.c7 
Nxc7 45.Nf7+ Kg7 46.Ng5 Ra3 47.Kg1 Rxd3 48.Kf2 
Rd2+ 49.Ke1 Rh2 50.h4 d3 51.Kd1 Rg2 52.Ne4 Nd5 
53.Nd2 Ne3+ 54.Ke1 Re2+ 0-1

[Event "HCL-C4143"]
[Site "www.playchess.de"]
[Date "2006.03.14"]
[Round "5"]
[White "djpnola"]
[Black "Grunert"]
[WhiteElo "1109"]
[BlackElo "1012"]
[PlyCount "116"]
[Result "0-1"]

1.f4 {Hello again.
}  d5 {hi}  2.d4 e6 3.Nf3 Nc6 4.Be3 Nf6 5.Nc3 a6 
6.g3 g6 7.Bh3 Bd7 8.Ne5 Nxe5 9.fxe5 Ne4 10.Nxe4 
dxe4 11.O-O Bg7 12.Qd2 O-O 13.Bh6 Bxh6 14.Qxh6 Qe7 
15.e3 Qb4 16.b3 Qc3 17.Qf4 Qxc2 18.Rfc1 Qb2 
19.Qxe4 Bc6 20.Qb1 Qd2 21.Rd1 Qe2 22.Qd3 Qxd3 
23.Rxd3 Rad8 24.Bg2 Bxg2 {(offering draw)}  
25.Kxg2 {I want to play on a bit. Maybe in a few 
moves.}  Rd5 26.a4 Rfd8 27.h4 c5 28.Rc1 cxd4 
29.exd4 R5xd4 30.Rxd4 Rxd4 31.Rc3 Re4 32.Kf3 Rxe5 
33.Kf4 Rd5 34.g4 Kg7 35.Rc4 b5 36.axb5 axb5 37.Re4 
{(offering draw)}  Kf6 38.g5+ Ke7 39.Re5 Rxe5 
40.Kxe5 Kd7 41.b4 Kc6 42.Kd4 Kd6 43.Ke4 e5 44.Kf3 
Kd5 45.Ke3 e4 46.Kf4 Kd4 47.h5 gxh5 48.Kf5 e3 
49.Kf6 e2 50.Kxf7 e1Q 51.Kg7 Qe6 52.Kxh7 Qf5+ 
53.g6 h4 54.Kh6 h3 55.g7 Qg4 56.Kh7 h2 57.Kg8 h1Q 
58.Kf8 Qhg1 0-1

[Event "HCL-C4173"]
[Site "www.playchess.de"]
[Date "2006.03.14"]
[Round "21"]
[White "cla114"]
[Black "Tribun"]
[WhiteElo "824"]
[BlackElo "781"]
[PlyCount "69"]
[Result "1-0"]

1.e4 e5 2.Nf3 d6 3.d4 Bg4 4.Be2 Nf6 5.Nc3 Qd7 
6.O-O Nc6 7.Bg5 O-O-O 8.Nd5 h6 9.Nxf6 gxf6 10.Bxf6 
Be7 11.Bxh8 Rxh8 12.d5 Nd8 13.Qd2 Rg8 14.b4 Bh3 
15.g3 Bg5 16.Nxg5 Rxg5 17.Rfe1 f6 18.c4 f5 19.f4 
exf4 20.Qxf4 Nf7 21.exf5 Rxf5 22.Qh4 Re5 23.Bh5 a6 
24.Qf4 Rxh5 25.Re2 Rf5 26.Qd4 Kb8 27.Rae1 b6 
28.R2e8+ Kb7 29.c5 dxc5 30.bxc5 Rf3 31.c6+ Qxc6 
32.dxc6+ Ka7 33.Qg7 a5 34.a4 Ka6 
35.Ra8+ 1-0

[Event "HCL-A2627"]
[Site "www.playchess.de"]
[Date "2006.03.14"]
[Round "20"]
[White "mrchess"]
[Black "PhilipKaveny"]
[WhiteElo "1416"]
[BlackElo "1324"]
[PlyCount "57"]
[Result "1-0"]

1.e4 {good luck}  c5 2.Nf3 d6 {Yes You also it is 
a pleasure to struggle against you}  3.c3 {its not 
much struggle yet you won them all easy but i try 
to do my best}  g6 {You busted me the first time 
we played and won lots of tournaments}  4.Bd3 {ok} 
 Bg7 5.Bc2 Nc6 6.h3 b5 7.O-O Ba6 8.Bd3 Ne5 9.Nxe5 
Bxe5 10.b3 Nh6 11.f4 Bg7 12.Qe2 Qb6 13.Kh1 O-O 
14.a4 c4 15.bxc4 bxc4 16.Bxc4 Bxc4 17.Qxc4 Rac8 
18.Qe2 f5 19.Re1 e5 20.fxe5 Bxe5 21.d4 Bg3 22.Rf1 
f4 23.Rf3 Qd8 24.Bd2 Qh4 25.c4 Ng4 26.Nc3 Nf2+ 
27.Kg1 g5 28.Rxf2 g4 29.Qxg4+ 1-0

[Event "HCL-M907"]
[Site "www.playchess.de"]
[Date "2006.03.14"]
[Round "3"]
[White "vvv_v"]
[Black "little_Garry"]
[WhiteElo "1877"]
[BlackElo "2116"]
[PlyCount "37"]
[Result "1/2-1/2"]

1.e4 e5 2.Nf3 Nf6 3.Nc3 Nc6 4.d4 exd4 5.Nxd4 Bb4 
6.Nxc6 bxc6 7.Bd3 d5 8.e5 Ng4 9.O-O O-O 10.Qe1 f6 
11.exf6 Qxf6 12.h3 Ne5 13.Nxd5 cxd5 14.Qxb4 Nxd3 
15.cxd3 Bf5 16.Qf4 Rae8 17.Rd1 c6 18.Qg5 Qd4 
19.Qf4 {(offering draw)}  1/2-1/2

[Event "HCL-C4181"]
[Site "www.playchess.de"]
[Date "2006.03.14"]
[Round "5"]
[White "nichju"]
[Black "Grunert"]
[WhiteElo "989"]
[BlackElo "985"]
[PlyCount "59"]
[Result "1-0"]

1.e4 {Hallo, auf ein Neues!}  e5 {ja, viel spass!} 
 2.Nf3 d6 3.d4 exd4 4.Nxd4 Nf6 5.Bd3 Qe7 6.Bg5 h6 
7.Bxf6 Qxf6 8.Nb5 Qe7 9.O-O g6 10.Re1 Qd7 11.e5 a6 
12.Nd4 dxe5 13.Rxe5+ Be7 14.c3 Nc6 15.Nxc6 Qxc6 
16.Nd2 Qd6 17.Nf3 Bg4 18.Re4 f5 19.Re3 O-O 20.Bc4+ 
Kg7 21.Qxd6 Bxd6 22.Nh4 Rae8 23.Rae1 Rxe3 24.Rxe3 
Rd8 25.f3 Bh5 26.h3 f4 27.Re6 Rf8 28.g4 g5 29.Nf5+ 
Kh8 30.Rxh6+ 1-0